[Event "4NCL Online Division 2"]
[Site "online"]
[Date "2020.11.03"]
[Round "6.61"]
[White "Bullen, Alex"]
[Black "Keane, Graham D J"]
[Result "1-0"]
[WhiteElo "2116"]
[BlackElo "2161"]
[PlyCount "117"]
[EventDate "2020.11.03"]
[WhiteTeam "West is Best B"]
[BlackTeam "Streatham A"]

1. d4 d6 2. e4 Nf6 3. Nc3 g6 4. Nf3 Bg7 5. h3 O-O 6. Be3 c6 7. a4 Qc7 8. Be2
Nbd7 9. Nd2 e5 10. dxe5 dxe5 11. Nc4 Rd8 12. Qd6 Qxd6 13. Nxd6 Nf8 14. Nxc8
Raxc8 15. Bxa7 Ne6 16. O-O Nd4 17. Bd3 Nd7 18. a5 Bf8 19. Na4 Ne6 20. Nb6 Nxb6
21. Bxb6 Rd7 22. Rfd1 Nc5 23. f3 Nxd3 24. Rxd3 Rxd3 25. cxd3 Bb4 26. Kf1 Kf8
27. Rc1 Ke8 28. Rc4 c5 29. Bxc5 Bxa5 30. b4 Bd8 31. Ke2 Kd7 32. Kd2 Ra8 33. Rc2
b6 34. Be3 Ra4 35. Rb2 b5 36. Bc5 Be7 37. Bxe7 Kxe7 38. d4 exd4 39. Kd3 Kd6 40.
Kxd4 Ra1 41. Ke3 Ke6 42. Kf4 h6 43. g3 Rc1 44. h4 Rc4 45. g4 f6 46. Rb3 Rd4 47.
Ke3 Rc4 48. f4 g5 49. h5 Rc1 50. fxg5 fxg5 51. Ra3 Ke5 52. Ra5 Rc3+ 53. Kd2 Rg3
54. Rxb5+ Kxe4 55. Rc5 Kd4 56. Rc6 Rg2+ 57. Ke1 Rxg4 58. b5 Ke3 59. Kf1 1-0

[Event "4NCL Online Division 2"]
[Site "online"]
[Date "2020.11.03"]
[Round "6.62"]
[White "Hodgson, John H"]
[Black "Yeo, Gareth"]
[Result "0-1"]
[WhiteElo "2072"]
[BlackElo "1980"]
[PlyCount "58"]
[EventDate "2020.11.03"]
[WhiteTeam "Streatham A"]
[BlackTeam "West is Best B"]

1. e4 c5 2. Nf3 d6 3. d4 cxd4 4. Nxd4 e5 5. Bb5+ Bd7 6. Bxd7+ Qxd7 7. Ne2 Qg4
8. Qd3 f5 9. Nbc3 Nf6 10. f3 Qxg2 11. Rg1 Qxh2 12. Bg5 Nc6 13. O-O-O O-O-O 14.
Rh1 Qf2 15. exf5 Be7 16. Rhf1 Qb6 17. Bxf6 Bxf6 18. Nd5 Qa5 19. Kb1 Kb8 20. c3
Ne7 21. b4 Qxd5 22. Qxd5 Nxd5 23. Rxd5 Kc7 24. Ng3 h5 25. Ne4 h4 26. Rd2 Rh5
27. Nxf6 gxf6 28. Rh2 Rdh8 29. Rfh1 Rxf5 0-1

[Event "4NCL Online Division 2"]
[Site "online"]
[Date "2020.11.03"]
[Round "6.63"]
[White "Taylor, William J"]
[Black "Smith, Martin G"]
[Result "0-1"]
[WhiteElo "1959"]
[BlackElo "1960"]
[PlyCount "76"]
[EventDate "2020.11.03"]
[WhiteTeam "West is Best B"]
[BlackTeam "Streatham A"]

1. e4 g6 2. d4 Bg7 3. Nf3 d6 4. Bc4 e6 5. Bb3 Nd7 6. O-O c5 7. c3 b6 8. Re1 Qc7
9. Nbd2 Ba6 10. Nf1 Ne7 11. Ng3 h6 12. Be3 O-O 13. Qd2 Kh7 14. h4 Nf6 15. e5
dxe5 16. Nxe5 Rad8 17. h5 Nfd5 18. hxg6+ fxg6 19. Qc2 c4 20. Nh5 cxb3 21. axb3
Bc8 22. Ng4 Nf5 23. Nxg7 Nfxe3 24. fxe3 Qxg7 25. Ne5 a5 26. b4 axb4 27. c4 Nf6
28. c5 bxc5 29. Qxc5 Nd7 30. Nxd7 Rxd7 31. Ra8 Rc7 32. Qxb4 Qf6 33. Qd2 Rcf7
34. Re2 Bb7 35. Rxf8 Rxf8 36. Qe1 Be4 37. Kh2 Qg5 38. g3 Qh5+ 0-1

[Event "4NCL Online Division 2"]
[Site "online"]
[Date "2020.11.03"]
[Round "6.64"]
[White "Hylands, Liam M"]
[Black "Pinto, Celso Bettencourt"]
[Result "1-0"]
[WhiteElo "1883"]
[BlackElo "1813"]
[PlyCount "83"]
[EventDate "2020.11.03"]
[WhiteTeam "Streatham A"]
[BlackTeam "West is Best B"]

1. e4 d6 2. d4 g6 3. Nc3 Bg7 4. Bg5 h6 5. Be3 c6 6. Qd2 Qa5 7. Nge2 Nf6 8. f3
b5 9. Nc1 b4 10. N3e2 Na6 11. Nb3 Qb6 12. Nec1 Rb8 13. Bd3 Nc7 14. a4 a5 15.
O-O Nd7 16. f4 Ba6 17. f5 g5 18. Ne2 Bxd3 19. cxd3 Nf6 20. Kh1 Ng4 21. Bg1 Qa6
22. Rac1 Rc8 23. Ng3 e5 24. Nh5 Rg8 25. f6 Bf8 26. h3 Nf2+ 27. Bxf2 Ne6 28.
dxe5 g4 29. h4 c5 30. exd6 g3 31. Bxg3 Rxg3 32. Nxg3 Bxd6 33. Nf5 Be5 34. Qxh6
Kd7 35. Qh5 Rf8 36. Nxc5+ Nxc5 37. Rxc5 Bxb2 38. Rd5+ Kc7 39. Qh6 Rg8 40. Qf4+
Kb7 41. Rd7+ Kc8 42. Qc7# 1-0

[Event "4NCL Online Division 2"]
[Site "online"]
[Date "2020.11.03"]
[Round "6.71"]
[White "Crowther, Mark D"]
[Black "Marsh, Sean"]
[Result "1-0"]
[WhiteElo "2117"]
[BlackElo "2215"]
[PlyCount "119"]
[EventDate "2020.11.03"]
[WhiteTeam "Bradford DCA Knights A"]
[BlackTeam "CSC 1"]

1. e4 d5 2. exd5 Qxd5 3. Nc3 Qd6 4. d4 Nf6 5. Nf3 c6 6. Bd3 Bg4 7. Be3 Nbd7 8.
Ne4 Nxe4 9. Bxe4 Nf6 10. Bd3 e6 11. c3 Qc7 12. h3 Bh5 13. Qe2 Bd6 14. O-O-O
O-O-O 15. Kb1 Kb8 16. Rc1 Nd5 17. Bd2 Nf4 18. Bxf4 Bxf4 19. Rcd1 c5 20. g4 Bg6
21. Bxg6 hxg6 22. Qe4 cxd4 23. Rxd4 Rxd4 24. Nxd4 a6 25. h4 Rd8 26. Ne2 Bd6 27.
f3 Qb6 28. Nd4 Bc5 29. Nb3 Be7 30. Qf4+ Qd6 31. Qxd6+ Rxd6 32. Kc2 Kc7 33. h5
gxh5 34. Rxh5 Bf6 35. Nd2 Rd5 36. Rxd5 exd5 37. Kd3 Kd6 38. f4 g6 39. Nf3 Bd8
40. a4 Bf6 41. a5 Bd8 42. b4 b6 43. axb6 Bxb6 44. Ne5 Ke6 45. Nf3 Bc7 46. f5+
gxf5 47. Nd4+ Ke5 48. Nxf5 Kf4 49. Ne3 Bd8 50. Nxd5+ Kxg4 51. c4 f5 52. c5 f4
53. Ke2 Kf5 54. c6 Ke6 55. c7 Bxc7 56. Nxc7+ Kd6 57. Nxa6 Kc6 58. Nc5 Kb5 59.
Nd3 Kc4 60. Kf3 1-0

[Event "4NCL Online Division 2"]
[Site "online"]
[Date "2020.11.03"]
[Round "6.72"]
[White "Finn, Peter"]
[Black "Ther, Mate"]
[Result "1-0"]
[WhiteElo "2125"]
[BlackElo "1964"]
[PlyCount "71"]
[EventDate "2020.11.03"]
[WhiteTeam "CSC 1"]
[BlackTeam "Bradford DCA Knights A"]

1. e4 e5 2. Nf3 Nc6 3. Bc4 Bc5 4. c3 Nf6 5. d3 O-O 6. O-O d5 7. exd5 Nxd5 8.
Re1 Bg4 9. h3 Bh5 10. Nbd2 f6 11. b4 Bb6 12. Qb3 Bf7 13. a4 Nf4 14. a5 Bxf2+
15. Kxf2 Nxd3+ 16. Kg1 Nxe1 17. Nxe1 Qd7 18. Ne4 Nd4 19. Bxf7+ Rxf7 20. cxd4
Qxd4+ 21. Qe3 Qxa1 22. Nc3 Rd7 23. Nc2 Rd3 24. Nxa1 Rxe3 25. Bxe3 b6 26. a6 c6
27. Kf2 Rd8 28. Ke2 Kf7 29. Nb3 Ke6 30. b5 c5 31. Nxc5+ bxc5 32. Bxc5 Rd7 33.
b6 axb6 34. Bxb6 Re7 35. a7 Re8 36. Nb5 1-0

[Event "4NCL Online Division 2"]
[Site "online"]
[Date "2020.11.03"]
[Round "6.73"]
[White "Johnson, Paul A"]
[Black "Frostick, Clive A"]
[Result "0-1"]
[WhiteElo "1812"]
[BlackElo "2108"]
[PlyCount "104"]
[EventDate "2020.11.03"]
[WhiteTeam "Bradford DCA Knights A"]
[BlackTeam "CSC 1"]

1. d4 d5 2. Nf3 Nf6 3. c4 dxc4 4. e3 a6 5. a4 e6 6. Bxc4 c5 7. O-O Nc6 8. Nc3
Qc7 9. Qe2 Be7 10. Rd1 O-O 11. h3 b6 12. b3 cxd4 13. exd4 Nb4 14. Bg5 Bb7 15.
Rac1 Qd6 16. Bh4 Nbd5 17. Nxd5 Bxd5 18. Ne5 Bb7 19. Bg3 Qb4 20. Nd3 Qa5 21. Nf4
Ba3 22. Ra1 Bb4 23. f3 Rad8 24. Bf2 Rfe8 25. Qe5 Bd5 26. Bxd5 exd5 27. Qf5 b5
28. Qd3 Bd6 29. Ne2 Qb6 30. Ng3 g6 31. Nf1 Nh5 32. Be3 Bf4 33. Qd2 Qf6 34. Bxf4
Nxf4 35. Ng3 Qg5 36. Kh2 h5 37. Re1 h4 38. Nf1 f6 39. Rad1 Kf7 40. Rc1 Rxe1 41.
Rxe1 Rc8 42. Rd1 Rc3 43. Re1 Rxb3 44. Rc1 Ne6 45. Re1 Qxd2 46. Nxd2 Rd3 47. Nf1
bxa4 48. Rb1 Rb3 49. Rd1 a3 50. Ra1 Nxd4 51. Nd2 Rb2 52. Nb1 Nc2 0-1

[Event "4NCL Online Division 2"]
[Site "online"]
[Date "2020.11.03"]
[Round "6.74"]
[White "Saidmurodov, Shahjahon"]
[Black "Holliday, John K"]
[Result "1-0"]
[WhiteElo "2147"]
[BlackElo "1798"]
[PlyCount "113"]
[EventDate "2020.11.03"]
[WhiteTeam "CSC 1"]
[BlackTeam "Bradford DCA Knights A"]

1. e4 d5 2. exd5 Nf6 3. d4 Bg4 4. Bb5+ Nbd7 5. f3 Bf5 6. c4 a6 7. Ba4 b5 8.
cxb5 Nxd5 9. Nc3 e6 10. Nge2 N7b6 11. bxa6+ Nxa4 12. Qxa4+ Qd7 13. Qxd7+ Kxd7
14. O-O Bb4 15. Bd2 Bd3 16. Rfe1 Bxa6 17. a3 Bxe2 18. Rxe2 Bxc3 19. Bxc3 Rhb8
20. Rc1 Nf4 21. Rec2 Nd5 22. Be1 Rb7 23. Bg3 Ra4 24. Rd2 Ne3 25. Kf2 Nf5 26. d5
Nxg3 27. dxe6+ Kxe6 28. Kxg3 f5 29. Rdc2 Kd6 30. Rc6+ Kd7 31. R1c2 Rd4 32. b4
g6 33. R6c4 Rxc4 34. Rxc4 Ra7 35. Rc3 h6 36. Kf2 Kd6 37. Ke3 c6 38. Rd3+ Ke6
39. Kd4 Kd6 40. f4 Re7 41. Re3 Rd7 42. Kc4 Ra7 43. g3 Kd7 44. Kb3 Kd6 45. Rd3+
Ke6 46. a4 Rb7 47. Kc4 g5 48. a5 Rb5 49. a6 Rb8 50. a7 Ra8 51. Ra3 Kd7 52. Kc5
Kc7 53. Re3 gxf4 54. Re7+ Kd8 55. Rh7 fxg3 56. hxg3 Kc8 57. Kxc6 1-0

[Event "4NCL Online Division 2"]
[Site "online"]
[Date "2020.11.03"]
[Round "6.81"]
[White "Goldberg, Jeff A"]
[Black "Burrows, Martin P"]
[Result "1/2-1/2"]
[WhiteElo "2154"]
[BlackElo "2125"]
[PlyCount "58"]
[EventDate "2020.11.03"]
[WhiteTeam "Anglia Avengers 2"]
[BlackTeam "Wigston 1"]

1. c4 Nf6 2. Nc3 e6 3. e4 c5 4. e5 Ng8 5. Nf3 Nc6 6. d4 cxd4 7. Nxd4 Nxe5 8.
Ndb5 a6 9. Nd6+ Bxd6 10. Qxd6 f6 11. c5 Ne7 12. Bf4 Nf7 13. Qd2 b6 14. cxb6
Qxb6 15. Be3 Qd8 16. Be2 Bb7 17. O-O O-O 18. f4 d5 19. Bf3 Rc8 20. Rad1 Nd6 21.
b3 Kh8 22. Rfe1 Qa5 23. Na4 Qxd2 24. Bxd2 e5 25. fxe5 fxe5 26. Rxe5 Ng6 27.
Ree1 Ne4 28. Bxe4 dxe4 29. Bb4 Rf5 1/2-1/2

[Event "4NCL Online Division 2"]
[Site "online"]
[Date "2020.11.03"]
[Round "6.82"]
[White "Morley, Andrew J"]
[Black "Jermy, Jaden"]
[Result "1/2-1/2"]
[WhiteElo "2057"]
[BlackElo "2057"]
[PlyCount "130"]
[EventDate "2020.11.03"]
[WhiteTeam "Wigston 1"]
[BlackTeam "Anglia Avengers 2"]

1. e4 c5 2. Nf3 d6 3. d4 cxd4 4. Nxd4 Nf6 5. Nc3 g6 6. Be3 Bg7 7. f3 Nc6 8. Qd2
O-O 9. Bc4 Bd7 10. O-O-O Rc8 11. Bb3 Na5 12. h4 h5 13. Bg5 Nc4 14. Bxc4 Rxc4
15. Qe2 Rxc3 16. bxc3 Qa5 17. Qd3 Rc8 18. Kd2 e5 19. Nb3 Qc7 20. Kc1 d5 21.
Bxf6 Bxf6 22. exd5 Bf5 23. Qe3 b5 24. g4 hxg4 25. fxg4 Bxg4 26. Rdf1 Bg7 27.
Qg3 Bh5 28. Rh2 b4 29. cxb4 Qc4 30. Qf2 Qxd5 31. Qd2 Qe6 32. Rhf2 f5 33. Kb1 e4
34. Re2 Bxe2 35. Qxe2 Qe5 36. c4 Rxc4 37. Qxc4+ Kh7 38. Qc2 e3 39. Re1 f4 40.
Rg1 e2 41. Qxg6+ Kh8 42. Qc2 e1=Q+ 43. Rxe1 Qxe1+ 44. Nc1 Qxb4+ 45. Nb3 Qe1+
46. Nc1 Qe5 47. Qc8+ Kh7 48. Nd3 Qa1+ 49. Kc2 Qxa2+ 50. Kd1 Qb1+ 51. Kd2 Qa2+
52. Kd1 Qd5 53. Kd2 f3 54. Qc2 Bh6+ 55. Ke1 Qe4+ 56. Kf2 Be3+ 57. Kf1 Kh6 58.
Ne1 Qd5 59. Qc3 Qb5+ 60. Nd3 Qf5 61. Qh8+ Qh7 62. Qf6+ Qg6 63. Qh8+ Qh7 64.
Qf6+ Qg6 65. Qh8+ Qh7 1/2-1/2

[Event "4NCL Online Division 2"]
[Site "online"]
[Date "2020.11.03"]
[Round "6.83"]
[White "Moore, Geoffrey R"]
[Black "Horspool, Philip J"]
[Result "0-1"]
[WhiteElo "2057"]
[BlackElo "2065"]
[PlyCount "44"]
[EventDate "2020.11.03"]
[WhiteTeam "Anglia Avengers 2"]
[BlackTeam "Wigston 1"]

1. e4 e5 2. f4 Qh4+ 3. g3 Qe7 4. d3 d5 5. Nc3 c6 6. fxe5 d4 7. Nce2 Bg4 8. Bg2
Qxe5 9. Nf3 Bxf3 10. Bxf3 Bb4+ 11. c3 dxc3 12. bxc3 Bxc3+ 13. Nxc3 Qxc3+ 14.
Bd2 Qxd3 15. Be2 Qxe4 16. O-O Qd4+ 17. Kg2 Nf6 18. Rf4 Qd8 19. Qc2 O-O 20. Rb1
Nbd7 21. Bc3 Nd5 22. Rd4 Ne3+ 0-1

[Event "4NCL Online Division 2"]
[Site "online"]
[Date "2020.11.03"]
[Round "6.84"]
[White "Turner, Lewis A"]
[Black "Hampton, Christopher"]
[Result "1-0"]
[WhiteElo "1862"]
[BlackElo "1978"]
[PlyCount "125"]
[EventDate "2020.11.03"]
[WhiteTeam "Wigston 1"]
[BlackTeam "Anglia Avengers 2"]

1. c4 e6 2. Nc3 d5 3. d4 Nf6 4. Nf3 Nbd7 5. cxd5 exd5 6. Bg5 Be7 7. e3 O-O 8.
Bd3 Re8 9. Qc2 c6 10. O-O Nf8 11. a3 Ng6 12. b4 Ne4 13. Bxe7 Qxe7 14. b5 Bg4
15. Nd2 Nxd2 16. Qxd2 Qg5 17. Kh1 Bd7 18. bxc6 bxc6 19. Na4 Qd8 20. Nc5 Nf8 21.
Qc2 Ne6 22. Bxh7+ Kh8 23. Bd3 Nxc5 24. Qxc5 Qf6 25. Rae1 g6 26. Rb1 Kg7 27. Rb7
Bf5 28. Bxf5 Qxf5 29. Kg1 Rh8 30. Qxc6 Rac8 31. Qd6 a5 32. Rb5 Rhd8 33. Qg3 a4
34. Ra5 Qc2 35. Qe5+ Kg8 36. Rxd5 Re8 37. Qf6 Qb3 38. Rd7 Rf8 39. Qe7 Rc3 40.
h4 Qxa3 41. Qxa3 Rxa3 42. Ra7 Rc8 43. Rb1 Rc2 44. g4 Raa2 45. Rf1 a3 46. Kg2
Rc3 47. Kf3 Rd2 48. Ra1 Rcc2 49. R1xa3 Rxf2+ 50. Ke4 Rg2 51. h5 Rxg4+ 52. Kd3
Rc6 53. hxg6 Rcxg6 54. Re7 R4g5 55. Raa7 Rg3 56. d5 Rd6 57. Kd4 Rf6 58. e4 Rg5
59. Ra8+ Kg7 60. Ree8 Rb6 61. Kc5 Rh6 62. Rg8+ Kf6 63. Ra6+ 1-0

[Event "4NCL Online Division 2"]
[Site "online"]
[Date "2020.11.03"]
[Round "6.91"]
[White "Hasson, Peter"]
[Black "Clarke, Neil"]
[Result "1/2-1/2"]
[WhiteElo "2072"]
[BlackElo "1952"]
[PlyCount "43"]
[EventDate "2020.11.03"]
[WhiteTeam "CSC 2"]
[BlackTeam "Shropshire 2"]

1. c4 d6 2. g3 e5 3. Bg2 Be7 4. Nc3 f5 5. d3 Nf6 6. Rb1 O-O 7. e3 c6 8. Nge2
Be6 9. O-O d5 10. cxd5 cxd5 11. d4 e4 12. Nf4 Bf7 13. Qb3 Qd7 14. h4 Nc6 15.
Bd2 Rab8 16. Rfc1 Rfc8 17. Qd1 Bd6 18. Nce2 Ne7 19. Rxc8+ Rxc8 20. Rc1 Rxc1 21.
Qxc1 Qc6 22. Qxc6 1/2-1/2

[Event "4NCL Online Division 2"]
[Site "online"]
[Date "2020.11.03"]
[Round "6.92"]
[White "Ilesanmi, Olusegun"]
[Black "Garwood, Colin"]
[Result "1-0"]
[WhiteElo "1915"]
[BlackElo "2087"]
[PlyCount "65"]
[EventDate "2020.11.03"]
[WhiteTeam "Shropshire 2"]
[BlackTeam "CSC 2"]

1. e4 e5 2. Nf3 Nc6 3. Bb5 a6 4. Bxc6 dxc6 5. O-O f6 6. d4 Bg4 7. c3 Bd6 8. Be3
Ne7 9. dxe5 fxe5 10. Nbd2 Qd7 11. h3 Be6 12. Qe2 O-O 13. Ng5 h6 14. Nxe6 Qxe6
15. Rfd1 Ng6 16. Qc4 Rae8 17. f3 Nf4 18. Kh2 Rf7 19. Qb3 Qg6 20. Bxf4 exf4 21.
Qxb7 Re5 22. Qxa6 Rb5 23. Nb3 Rf6 24. Qxc6 Qg3+ 25. Kh1 Rg6 26. Rd2 Rh5 27.
Qc4+ Kh7 28. Qf1 Rh4 29. Nd4 Qg5 30. Nf5 Rh5 31. a4 Bc5 32. Rd5 Ba7 33. Nxg7
1-0

[Event "4NCL Online Division 2"]
[Site "online"]
[Date "2020.11.03"]
[Round "6.93"]
[White "Kallitsis, Nikolaos"]
[Black "Kolbusz, George"]
[Result "1-0"]
[WhiteElo "2034"]
[BlackElo "1900"]
[PlyCount "65"]
[EventDate "2020.11.03"]
[WhiteTeam "CSC 2"]
[BlackTeam "Shropshire 2"]

1. e4 d5 2. exd5 Qxd5 3. Nc3 Qd6 4. d4 Nf6 5. Nge2 c6 6. Bf4 Qd8 7. Qd2 Nbd7 8.
O-O-O e6 9. f3 Bb4 10. g4 Nd5 11. Bg3 Qa5 12. Kb1 Nxc3+ 13. Nxc3 Bxc3 14. Qxc3
Qxc3 15. bxc3 O-O 16. c4 a6 17. d5 cxd5 18. cxd5 e5 19. c4 f6 20. Bf2 b6 21. a4
Nb8 22. Bxb6 Nd7 23. Be3 Rb8+ 24. Ka2 Rb4 25. Ka3 Rb8 26. c5 Re8 27. c6 Nf8 28.
Bc4 Kh8 29. d6 Be6 30. Bxe6 Nxe6 31. c7 Nxc7 32. dxc7 Rbc8 33. Bb6 1-0

[Event "4NCL Online Division 2"]
[Site "online"]
[Date "2020.11.03"]
[Round "6.94"]
[White "Clark, Matthew D H"]
[Black "Lawson, Maurice E"]
[Result "0-1"]
[WhiteElo "1870"]
[BlackElo "1983"]
[PlyCount "72"]
[EventDate "2020.11.03"]
[WhiteTeam "Shropshire 2"]
[BlackTeam "CSC 2"]

1. e4 c6 2. d4 d5 3. Nc3 dxe4 4. Nxe4 Bf5 5. Ng3 Bg6 6. Nf3 Nd7 7. h4 h6 8. h5
Bh7 9. Bd3 Bxd3 10. Qxd3 e6 11. Bd2 Qc7 12. O-O-O Ngf6 13. Ne4 O-O-O 14. Kb1
Nxe4 15. Qxe4 Nf6 16. Qe2 Bd6 17. c4 Rhe8 18. Bc3 c5 19. dxc5 Bxc5 20. Ne5 Bd6
21. f4 Re7 22. g4 Ne8 23. Bd4 Bxe5 24. Bxe5 Qc6 25. g5 Red7 26. Rxd7 Qxh1+ 27.
Kc2 Rxd7 28. Qe3 Qc6 29. b3 f6 30. gxh6 gxh6 31. Bd4 b6 32. f5 e5 33. Bc3 Qg2+
34. Bd2 Rxd2+ 35. Qxd2 Qxd2+ 36. Kxd2 Nd6 0-1

[Event "4NCL Online Division 2"]
[Site "online"]
[Date "2020.11.03"]
[Round "6.101"]
[White "Chesters, Tim"]
[Black "Rasanen, Otto"]
[Result "1-0"]
[WhiteElo "2222"]
[BlackElo "2035"]
[PlyCount "105"]
[EventDate "2020.11.03"]
[WhiteTeam "Hull & Beverley Romans 1"]
[BlackTeam "Oxford 2"]

1. e4 e5 2. Nf3 Nf6 3. Nc3 Nc6 4. Bb5 Nd4 5. O-O Nxb5 6. Nxb5 c6 7. Nc3 d6 8.
d4 Qc7 9. Bg5 Be7 10. Bxf6 Bxf6 11. d5 O-O 12. a4 h6 13. h3 g5 14. Qd3 g4 15.
hxg4 Bxg4 16. Nh2 Bd7 17. Rad1 c5 18. Qf3 Bg7 19. g4 a6 20. Kg2 b5 21. Rh1 bxa4
22. Nf1 Rab8 23. Rb1 a3 24. bxa3 Rxb1 25. Nxb1 Rb8 26. Nbd2 Rb2 27. Ne3 Qc8 28.
Ndc4 Ra2 29. Nxd6 Qf8 30. Ndf5 Rxa3 31. d6 Bxf5 32. Qxf5 Qxd6 33. Nd5 a5 34. g5
Qe6 35. gxh6 Qxf5 36. exf5 Bh8 37. h7+ Kg7 38. f6+ Kg6 39. f3 Ra2 40. Kg3 Rxc2
41. Rh4 c4 42. Rg4+ Kxh7 43. Rh4+ Kg6 44. Rxh8 Ra2 45. Rg8+ Kf5 46. Rc8 Ke6 47.
Ne3 Ra4 48. Nxc4 Kxf6 49. Rc5 Ra1 50. Rxa5 Re1 51. Kf2 Rc1 52. Nxe5 Rc2+ 53.
Kg3 1-0

[Event "4NCL Online Division 2"]
[Site "online"]
[Date "2020.11.03"]
[Round "6.102"]
[White "Wilson, Edgar"]
[Black "Vleeshhouwer, Douglas"]
[Result "0-1"]
[WhiteElo "1952"]
[BlackElo "2065"]
[PlyCount "48"]
[EventDate "2020.11.03"]
[WhiteTeam "Oxford 2"]
[BlackTeam "Hull & Beverley Romans 1"]

1. e4 e5 2. Nc3 Nf6 3. f4 d5 4. fxe5 Nxe4 5. Nf3 Bc5 6. d4 Bb4 7. Bd2 c5 8. Bd3
Nxd2 9. Qxd2 cxd4 10. Bb5+ Nc6 11. Qxd4 Qa5 12. Bxc6+ bxc6 13. O-O-O O-O 14. a3
Bc5 15. Qa4 Qb6 16. Nd4 Rb8 17. Nb3 Be3+ 18. Kb1 Bf5 19. Rhf1 Bg6 20. Qb5 cxb5
21. Nxd5 Qe6 22. Nxe3 Qxb3 23. Nf5 Bxf5 24. Rxf5 Qe6 0-1

[Event "4NCL Online Division 2"]
[Site "online"]
[Date "2020.11.03"]
[Round "6.103"]
[White "Hodge, Steve R"]
[Black "Finn, Chris"]
[Result "1/2-1/2"]
[WhiteElo "1997"]
[BlackElo "1877"]
[PlyCount "87"]
[EventDate "2020.11.03"]
[WhiteTeam "Hull & Beverley Romans 1"]
[BlackTeam "Oxford 2"]

1. e4 e6 2. d4 d5 3. Nd2 dxe4 4. Nxe4 Nd7 5. Nf3 Ngf6 6. Bd3 Nxe4 7. Bxe4 Nf6
8. Bg5 Qd6 9. Bxf6 gxf6 10. c3 f5 11. Bc2 Bd7 12. Ne5 Bg7 13. Qe2 Bxe5 14. Qxe5
Qxe5+ 15. dxe5 Bc6 16. f3 O-O-O 17. Rd1 Rxd1+ 18. Bxd1 Rd8 19. Rg1 Kd7 20. f4
Ke7 21. g4 fxg4 22. Bxg4 Rg8 23. Kf2 f6 24. Bh3 Rxg1 25. Kxg1 Bd5 26. b3 b5 27.
Kf2 a5 28. Ke3 c5 29. Bf1 b4 30. c4 Bc6 31. Bd3 h6 32. Be4 Be8 33. Bf3 Bg6 34.
Be4 Bh5 35. Bf3 Be8 36. Be4 a4 37. Bf3 a3 38. Be4 Bh5 39. Bf3 Bg6 40. Be4 Be8
41. Bf3 Ba4 42. Bd1 Be8 43. Bf3 f5 44. Kf2 1/2-1/2

[Event "4NCL Online Division 2"]
[Site "online"]
[Date "2020.11.03"]
[Round "6.104"]
[White "Cole, Graham"]
[Black "Turner, Tim M"]
[Result "1-0"]
[WhiteElo "1818"]
[BlackElo "1892"]
[PlyCount "133"]
[EventDate "2020.11.03"]
[WhiteTeam "Oxford 2"]
[BlackTeam "Hull & Beverley Romans 1"]

1. e4 c5 2. Nf3 e6 3. d4 cxd4 4. Nxd4 Nc6 5. Nc3 Qc7 6. Be3 a6 7. Qd2 Nf6 8.
O-O-O Bb4 9. f3 b5 10. a3 Be7 11. g4 O-O 12. g5 Ne8 13. h4 Bb7 14. Nxc6 Bxc6
15. h5 b4 16. axb4 Bxb4 17. Qd4 Qa5 18. Nb1 f5 19. gxf6 Rxf6 20. h6 g6 21. Rh3
Bd6 22. Qc3 Qxc3 23. Nxc3 Be5 24. Ne2 Rf7 25. f4 Bf6 26. e5 Be7 27. Nc3 Nc7 28.
Bc4 Bb4 29. Ne2 Nd5 30. Bxd5 Bxd5 31. Bd2 Bxd2+ 32. Rxd2 Raf8 33. Rd4 Rf5 34.
c4 Bc6 35. Kd2 Rb8 36. b3 Kf8 37. Ng3 Rf7 38. Ne4 Bxe4 39. Rxe4 Ke7 40. Rd4 Rb7
41. Kc3 Rf8 42. Rhd3 a5 43. Rd1 Rfb8 44. Rb1 Rf8 45. Ra1 Rfb8 46. Rb1 Ke8 47.
Rd6 Ra8 48. Rd2 Ke7 49. Ra2 Rba7 50. Rba1 Rf8 51. Rxa5 Rxa5 52. Rxa5 Rxf4 53.
b4 g5 54. b5 Rf8 55. c5 Rb8 56. b6 Kd8 57. Kd4 Kc8 58. Ra1 Kb7 59. Ra7+ Kc6 60.
Rc7+ Kb5 61. Rxd7 Ra8 62. b7 Rb8 63. Rxh7 Kc6 64. Rg7 g4 65. h7 Rd8+ 66. Ke4
Kxc5 67. Rg8 1-0

[Event "4NCL Online Division 2"]
[Site "online"]
[Date "2020.11.03"]
[Round "6.111"]
[White "Stubbs, Oliver"]
[Black "Villiers, Thomas"]
[Result "0-1"]
[WhiteElo "2072"]
[BlackElo "2252"]
[PlyCount "102"]
[EventDate "2020.11.03"]
[WhiteTeam "The Rook1Es"]
[BlackTeam "Mushrooms 1"]

1. d4 Nf6 2. Nf3 e6 3. Bf4 c5 4. e3 Nc6 5. c3 d5 6. Nbd2 Bd6 7. Bg3 O-O 8. Bd3
Re8 9. Ne5 Qc7 10. f4 Rb8 11. O-O b5 12. Bh4 Be7 13. g4 Nd7 14. Bxe7 Nxe7 15.
Qf3 b4 16. Qh3 Ng6 17. Nxg6 hxg6 18. Rac1 bxc3 19. bxc3 Rb2 20. Nf3 Rxa2 21.
Bb5 Ba6 22. Bxd7 Bxf1 23. Rxf1 Qxd7 24. Ng5 cxd4 25. cxd4 Qc8 26. f5 exf5 27.
gxf5 gxf5 28. Qh7+ Kf8 29. Qh8+ Ke7 30. Qxg7 Qc2 31. Qe5+ Kd7 32. Qxd5+ Kc7 33.
Qxf7+ Kd8 34. Qd5+ Kc8 35. Qxf5+ Qxf5 36. Rxf5 Rxe3 37. h4 Re1+ 38. Rf1 Rxf1+
39. Kxf1 a5 40. h5 Rh2 41. Ne4 a4 42. Nd6+ Kd7 43. Nc4 Kc6 44. Ke1 Rxh5 45. Kd2
Kb5 46. Na3+ Kb4 47. Nb1 a3 48. Nxa3 Kxa3 49. Kc3 Ka4 50. Kc4 Ka5 51. d5 Kb6
0-1

[Event "4NCL Online Division 2"]
[Site "online"]
[Date "2020.11.03"]
[Round "6.112"]
[White "Wilks, Simon"]
[Black "Gao, Ian"]
[Result "0-1"]
[WhiteElo "2207"]
[BlackElo "1960"]
[PlyCount "74"]
[EventDate "2020.11.03"]
[WhiteTeam "Mushrooms 1"]
[BlackTeam "The Rook1Es"]

1. e4 c5 2. Nf3 g6 3. c3 Bg7 4. d4 cxd4 5. cxd4 d5 6. e5 Nc6 7. Bb5 Bd7 8. Nc3
e6 9. O-O Nge7 10. Re1 O-O 11. Bg5 h6 12. Bc1 Nf5 13. Ba4 Rc8 14. Bc2 Nh4 15.
Nxh4 Qxh4 16. Be3 Na5 17. g3 Qe7 18. Bd3 a6 19. h4 Nc4 20. Bc1 Be8 21. Qg4 h5
22. Qe2 f6 23. f4 b5 24. Nd1 Qa7 25. Be3 Bf7 26. Bf2 Rc7 27. b3 Na5 28. Qd2 Nc6
29. Rc1 Rfc8 30. Be2 Bf8 31. Rf1 f5 32. Qb2 Bb4 33. Be3 Ba5 34. Nf2 Bb6 35.
Rcd1 Nxd4 36. Bxh5 Rc2 37. Qb1 gxh5 0-1

[Event "4NCL Online Division 2"]
[Site "online"]
[Date "2020.11.03"]
[Round "6.113"]
[White "Saunders, Aron"]
[Black "Scott, David A"]
[Result "1/2-1/2"]
[WhiteElo "1907"]
[BlackElo "2057"]
[PlyCount "48"]
[EventDate "2020.11.03"]
[WhiteTeam "The Rook1Es"]
[BlackTeam "Mushrooms 1"]

1. e4 e6 2. d4 d5 3. exd5 exd5 4. Nf3 Nf6 5. c4 Bb4+ 6. Nc3 O-O 7. Be2 dxc4 8.
O-O Bg4 9. Bg5 c6 10. Ne4 Be7 11. Ng3 h6 12. Be3 b5 13. a4 Nbd7 14. h3 Be6 15.
Nh4 Nd5 16. Nhf5 a6 17. Bf3 N7f6 18. Bxh6 gxh6 19. Qd2 Nh7 20. Qxh6 Bf6 21. h4
Qd7 22. Be4 Rfe8 23. Ne7+ Qxe7 24. Bxh7+ Kh8 1/2-1/2

[Event "4NCL Online Division 2"]
[Site "online"]
[Date "2020.11.03"]
[Round "6.114"]
[White "Wilson, David Jn"]
[Black "Goodhew, Finn"]
[Result "0-1"]
[WhiteElo "2035"]
[BlackElo "1585"]
[PlyCount "46"]
[EventDate "2020.11.03"]
[WhiteTeam "Mushrooms 1"]
[BlackTeam "The Rook1Es"]

1. e4 e6 2. b3 d5 3. Bb2 dxe4 4. Nc3 Nf6 5. Qe2 Be7 6. Nxe4 O-O 7. Nf3 Nbd7 8.
O-O-O a5 9. a4 c6 10. Nd4 Nc5 11. Nxc5 Bxc5 12. Qc4 Qd6 13. Bd3 Rd8 14. Nf3 b5
15. Qh4 Ba3 16. axb5 cxb5 17. Bxb5 a4 18. bxa4 Ba6 19. Qc4 Bxb5 20. Qxb5 Rdb8
21. c4 Rxb5 22. axb5 Bxb2+ 23. Kxb2 Qb4+ 0-1

[Event "4NCL Online Division 2"]
[Site "online"]
[Date "2020.11.03"]
[Round "6.121"]
[White "Madden, Paul"]
[Black "Sedykh, Mikhail"]
[Result "1/2-1/2"]
[WhiteElo "2087"]
[BlackElo "2192"]
[PlyCount "69"]
[EventDate "2020.11.03"]
[WhiteTeam "Ashfield Anonymous A"]
[BlackTeam "Catford Cosmonauts 1"]

1. e4 e5 2. Nf3 Nf6 3. Nxe5 d6 4. Nf3 Nxe4 5. d4 d5 6. Bd3 Nc6 7. Nbd2 Nxd2 8.
Bxd2 Bg4 9. O-O Nxd4 10. Qe1+ Ne6 11. Ne5 Bh5 12. Bb5+ c6 13. Nxc6 bxc6 14.
Bxc6+ Ke7 15. Bxa8 Qxa8 16. Qe5 Bg6 17. c4 f6 18. Qxd5 Qxd5 19. cxd5 Nc5 20. b4
Nd3 21. Rab1 Kd7 22. Rb3 a6 23. b5 Nc5 24. Ra3 Ne4 25. Rxa6 Nxd2 26. Ra7+ Kc8
27. Rc1+ Kb8 28. Rcc7 Bc5 29. Rab7+ Ka8 30. b6 Re8 31. Ra7+ Kb8 32. Rab7+ Ka8
33. Ra7+ Kb8 34. Rab7+ Ka8 35. Ra7+ 1/2-1/2